000 00428nam a2200145Ia 4500
008 151213s9999 xx 000 0 und d
100 _aআবুল আজাদ।
245 _aকবিত্রয়।
_cআবুল আজাদ।
260 _aঢাকা
_bপ্রজ্ঞা
_c1988
300 _a8772 p.
650 _aBangla
650 _aকবিতা
700 _aআবুল আজাদ।
999 _c4557
_d4557